000 00474nam a2200169Ia 4500
999 _c29897
_d29897
003 OSt
005 20210104124614.0
008 190216s9999||||xx |||||||||||||| ||und||
040 _coclc
082 _a894.8123
_bRAY/K
100 _aRay, Satyajith
_97217
245 0 _aKalavu Poya Yesu /
_cSatyajit Ray
260 _bDc Books,
_c1986.
_aKottayam:
300 _a111p
650 _aMalayalam Novel
942 _cBK
_2ddc
_h894.8123
_iRAY/K
_k894.8123
_mRAY/K